Pratyabhijnahrdayam of ksemaraja : (Record no. 42274)
[ view plain ]
| 000 -LEADER | |
|---|---|
| fixed length control field | 00741nam a22001937a 4500 |
| 005 - DATE AND TIME OF LATEST TRANSACTION | |
| control field | 20100817120241.0 |
| 010 ## - LCCN (DPL NO) | |
| LC control number | ENG-100597 |
| 020 ## - INTERNATIONAL STANDARD BOOK NUMBER | |
| International Standard Book Number | 8185141606 |
| Terms of availability | 210.00 |
| 035 ## - SYSTEM CONTROL NUMBER | |
| System control number | EN-84130 |
| 037 ## - SOURCE OF ACQUISITION | |
| Source of stock number/acquisition | DBAD/PUB |
| 082 ## - DEWEY DECIMAL CLASSIFICATION NUMBER | |
| Classification number | 230 |
| 245 ## - TITLE STATEMENT | |
| Title | Pratyabhijnahrdayam of ksemaraja : |
| Remainder of title | the secret of recognition / |
| Statement of responsibility, etc | sanskrit text edited by the staff of the Adyar Library ; english translation by Kurt f Leidecker ; from german translation of Rev Emil Baer |
| 260 ## - PUBLICATION, DISTRIBUTION, ETC. (IMPRINT) | |
| Place of publication, distribution, etc | Chennai |
| Name of publisher, distributor, etc | The Adyar Library and Research Centre |
| Date of publication, distribution, etc | 2009 |
| 270 ## - ADDRESS | |
| Address | The Theosophical Society Adyar Chennai |
| City | Chennai |
| Postal code | 600020 |
| 300 ## - PHYSICAL DESCRIPTION | |
| Extent | xiii,213p |
| Dimensions | 21cm(Hb) |
| 500 ## - GENERAL NOTE | |
| General note | Includes bibliographical references and index |
| 700 ## - ADDED ENTRY--PERSONAL NAME | |
| Personal name | Leidecker, Kurt |
| 9 (RLIN) | 14317 |
| 942 ## - ADDED ENTRY ELEMENTS (KOHA) | |
| Source of classification or shelving scheme | Dewey Decimal Classification |
| Item type | Bengali Books |
No items available.
